000 00632nam a2200241Ia 4500
003 OSt
005 20220918190547.0
006 a|||||r|||| 00| 0
007 ta
008 220917b |||||||| |||| 00| 0 eng d
024 _a57,698
037 _cTextual
040 _aARTS
_cARTS
_beng
041 _2eng
_aeng
082 _aP44M:(G), L5
100 _aBhattacharya S
_98836
245 0 _aStudies in comparative Munda ilinguistics
260 _aSimla
_bIIAStudy
_c1975
300 _avi, 205p.
_ccm.
650 _aLINGUISTICS
942 _hP44M:(G), L5
_cTEXL
_2CC
999 _c185825
_d185825